000
00293nam a2200121Ia 4500
008
231129s1964||||xx |||||||||||||| ||spa||
082
_a
HAJ- 0195
100
_a
Silverberg Robert
245
0
_a
El hombre antes de Adán
260
_c
1964
264
_a
México; Diana 1964
942
_2
ddc
_c
BKS
999
_c
11247
_d
11247